| 000 -CABECERA |
| Longitud fija campo de control |
00601nam a2200205 a 4500 |
| 001 - NÚMERO DE CONTROL |
| Número de control |
1340 |
| 003 - IDENTIFICADOR DEL NÚMERO DE CONTROL |
| Identificador del número de control |
CDMR |
| 005 - FECHA Y HORA DE LA ÚLTIMA TRANSACCIÓN |
| Fecha y hora de la última transacción |
20131112113724.0 |
| 008 - CÓDIGOS DE INFORMACIÓN DE LONGITUD FIJA |
| Códigos de información de longitud fija |
130130s2003||||||||||||||||||||||||||||d |
| 020 ## - NÚMERO INTERNACIONAL NORMALIZADO PARA LIBROS |
| Número Internacional Normalizado para Libros (ISBN) |
8473067746 |
| 040 ## - FUENTE DE LA CATALOGACIÓN |
| Centro catalogador de origen |
CDMR |
| Lengua de catalogación |
cat |
| Centro transcriptor |
CDMR |
| 100 1# - PUNTO DE ACCESO PRINCIPAL-NOMBRE DE PERSONA |
| Nombre de persona |
Palau, Goretti |
| 9 (RLIN) |
1038 |
| 245 10 - MENCIÓN DE TÍTULO |
| Título |
Gabinets de comunicació |
| Resto del título |
: periodistes a l'altra banda |
| Mención de responsabilidad, etc. |
Goretti Palau |
| 260 ## - PUBLICACIÓN, DISTRIBUCIÓN, ETC. (PIE DE IMPRENTA) |
| Lugar de publicación, distribución, etc. |
Barcelona |
| Fecha de publicación, distribución, etc. |
2003 |
| Nombre del editor, distribuidor, etc. |
Pòrtic |
| 490 0# - MENCIÓN DE SERIE |
| Mención de serie |
Eines de Periodista |
| Designación de volumen o secuencia |
7 |
| 650 04 - PUNTO DE ACCESO ADICIONAL DE MATERIA - TÉRMINO DE MATERIA |
| 9 (RLIN) |
3333 |
| Término de materia o nombre geográfico como elemento inicial |
Gabinets de premsa |
| 650 04 - PUNTO DE ACCESO ADICIONAL DE MATERIA - TÉRMINO DE MATERIA |
| 9 (RLIN) |
2798 |
| Término de materia o nombre geográfico como elemento inicial |
Comunicació en l'empresa |
| 650 04 - PUNTO DE ACCESO ADICIONAL DE MATERIA - TÉRMINO DE MATERIA |
| 9 (RLIN) |
3870 |
| Término de materia o nombre geográfico como elemento inicial |
Comunicació en l'administració |
| 942 ## - ENTRADA DE ELEMENTOS AGREGADOS (KOHA) |
| Koha [por defecto] tipo de item |
Monografies |
| Fuente de clasificaión o esquema |
|